00333 a2200133 4500020001800000082001400018100002000032245005500052250001200107260003000119300001100149650002000160700001900180 a9781439856437 a621.31934 aThue, William A aElectrical power cable engineeringcWilliam A.Thue a3rd ed. aNew YorkbCRC Pressc2012 a444 p. aElectric cables aWilliam A.Thue